000 00304nam a22001337a 4500
008 180221b xxu||||| |||| 00| 0 eng d
020 _a526268001
041 _aeng
080 _a330
100 _a52
101 _aEKO
245 _aEconomics as a Coordination Problem
_cDriscoll, G.P
942 _2udc
_cBK
999 _c42994
_d42994